| 000 | 00540 a2200145 4500 | ||
|---|---|---|---|
| 001 | ART_46057 | ||
| 005 | 20260410161731.0 | ||
| 008 | 260409a | ||
| 245 | 1 | 0 | _aConsideraciones sobre la aplicación por primera vez de la NIIF para las PYMESen entes pequeños y medianos de la Argentina |
| 100 | 1 | _aRondi, Gustavo R. | |
| 700 | 1 | _aCasal, María del Carmen | |
| 700 | 1 | _aGómez, Melisa | |
| 700 | 1 | _aGalante, Marcelo J. | |
| 773 | 0 |
_tEscritos contables y de administración _g- Vol. 6, Nº 1 (ene./jun. 2015) _wREV2758 |
|
| 999 |
_c17845 _d17845 |
||